00325nam a2200121Ia 4500008004100000082002000041100002200061245003300083250000800116260005500124300000800179650001600187191201s2005 xx 000 0 und d a621.381952bASD aASHENDEN, Peter J 4aThe Designer's Guide to VHDL a2nd aN.DelhibMorgam Kaufmann Publshers, Elsevierc2005 a759 aB.Tech(ECE)